000 00507nam a2200181Ia 4500
008 100917s9999 xx 000 0 und d
082 _b50415
100 _aचिणे पुष्पा
245 _aअद्वैत
260 _bराजेश मराठी पॉकेट बुक्स
_c1981
300 _a186
365 _b12
520 _aकादंबरी
630 _aअद्वैत
650 _aकादंबरी
730 _aअद्वैत
942 _cBOOK
999 _c655809
_d655806